Najmniej zaludnione państwa europy - Statystyki

Ogólne statystyki
  • Ten quiz został rozwiązany 126 razy
  • Średni wynik to 13 z 15
Statystyki odpowiedzi
Populacja Państwo % Poprawnych
825 Watykan
99%
34 682 San Marino
96%
650 364 Luksemburg
95%
85 560 Andora
94%
39 711 Liechtenstein
94%
31 400 Monako
93%
2 683 546 Litwa
87%
1 842 226 Łotwa
87%
1 211 524 Estonia
86%
464 186 Malta
85%
357 603 Islandia
84%
604 966 Czarnogóra
81%
3 095 344 Albania
78%
2 101 208 Słowenia
78%
2 130 936 Macedonia Północna
69%
Nie znaleziono quizów pasujących do podanych kryteriów
Rozkład punktacji
Procent ludzi z każdym wynikiem
Percentyl według liczby udzielonych odpowiedzi
Twoja historia wyników
Nie rozwiązałeś tego quizu